Statystyki dla Zawodnicy FameMMA-1-17 150 uczestników

Kliknij tutaj aby rozwiązać quiz!

Ogólne statystyki

  • Ten quiz został rozwiązany 54 razy
  • Średni wynik to 30 z 150

Statystyki odpowiedzi

HintOdpowiedź% Poprawnych
1Boxdel
82%
1Polak
64%
4Lil Masti
58%
1Magical
53%
2Rafonix
53%
2Dawid Malczyński
51%
5Marcin Malczyński
51%
1Wiewiór
49%
6Arkadiusz Tańcula
47%
3LinkiMaster
47%
14Tromba
47%
3Don Kasjo
44%
14Gimper
44%
5Mini Majk
44%
10Muran
42%
1Guzik
40%
3Isamu
36%
8Marcin DubIel
36%
1Krycha
33%
2Paweł Tybori Tyburski
33%
2Piotr Tybori Tyburski
33%
9Sylwester Wardęga
33%
14Xayoo
33%
3Filipek
31%
13Sutonator
31%
8Szeli
31%
6Zusje
31%
6Bestia
29%
8Crusher
29%
5El Testosteron
29%
13Jacek Murański
29%
4Kubańczyk
29%
14Lala Laluna
29%
13TheNitroZyniak
29%
14Wiki
29%
6Alanik
27%
7Hejter
27%
17Sheeya
27%
13Unboxall
27%
17Wac toja
27%
16Dzinold
24%
14Fagata
24%
13Japczan
24%
4Kizo
24%
9Ponczek
24%
7Popek Monster
24%
10Stormin
24%
5Tomasz Olejnik
24%
1Ambro
22%
8Arab
22%
11Danny
22%
3Esmeralda
22%
1Łukasz Lupa
22%
11Mixer
22%
12The Polish Zombie
22%
9Way of Blonde
22%
2Adbuster
20%
16Bandura
20%
17Czarmagedon
20%
7Daro Lew
20%
10Haribo
20%
2Kasti
20%
1Ken
20%
1Krzysztof Olczak
20%
1Piotr Celej
20%
11Popo
20%
17Robert Karaś
20%
1Surfer
20%
6WG
20%
2Bonus BGC
18%
10Czaro
18%
15Franio
18%
3Hassi
18%
5Lord Kruszwil
18%
7Martirenti
18%
4Medusa
18%
17Szczurek
18%
1Ztrolowany
18%
17Alterboy
16%
16Bóg Estetyki
16%
6L-Pro
16%
1Michał Handke
16%
14Mona
16%
9Patrykos
16%
14Aj
13%
6Cypis
13%
8Dagmara Szewczyk
13%
9Filip Zabielski
13%
9Kamiszka
13%
1Łysy Bogas
13%
4Mielonidas
13%
8Mortalcio
13%
11OjWojtek
13%
5Oleg
13%
15Paramaxil
13%
2Paweł Kluk
13%
2Piotr Kluk
13%
17Prezes FEN
13%
6Qbik
13%
12Radzik
13%
3Ryba
13%
15Sarius
13%
16Wiejski Koks
13%
2Bystrzak
11%
5Ewelona
11%
4Jongmen
11%
17Karolek
11%
6Maciej Rataj
11%
17Mandzio
11%
1Maro
11%
8Piotr Pająk
11%
11Smolasty
11%
8Sobota
11%
6Szewcu
11%
13Takefun
11%
4Tomb
11%
11Fericze
9%
8Gamou Fall
9%
12Koro
9%
9Kuba Post
9%
11Maksymalnie
9%
12Matt MeKnife
9%
10Michał Gała
9%
10Mikołaj Śmieszek
9%
11Mily Pan
9%
3Ruby
9%
11Sasha
9%
3Taxi Złotówa
9%
9Vandal
9%
2Waluś
9%
2Czapi
7%
3DeejJayPallaside
7%
15Jamel Neffati
7%
15Jamil Neffati
7%
4Knaziuu
7%
11MeLady
7%
3Mnich Terminator
7%
7Stifler
7%
16Szymol
7%
11The Tasmanian Devil
7%
15Warjat Radek
7%
9IFBB PRO
4%
10Miejski Drwal
4%
15Patryk Woźniak
4%
0Szalony Reporter
4%
2Ferrai
2%
0Liza
2%
3Bodychriste
0%
15Konposky
0%
0Mateusz Spyśnski
0%

Rozkład punktacji

Percentyl według liczby udzielonych odpowiedzi

Procent ludzi z każdym wynikiem

Twoja historia wyników

Nie rozwiązałeś tego quizu